书目信息 |
| 题名: |
科学史及其与哲学和宗教的关系
|
|
| 作者: | 丹皮尔 著 ;李珩 译 | |
| 分册: | ||
| 出版信息: | 桂林 广西师范大学出版社 2001 |
|
| 页数: | 495页 | |
| 开本: | 29cm | |
| 丛书名: | 世界名著译丛 | |
| 单 册: | ||
| 中图分类: | N05 | |
| 科图分类: | ||
| 主题词: | 科学--关系--哲学 , 科学--关系--宗教 | |
| 电子资源: | ||
| ISBN: | 7-5633-3208-1 | |
| 000 | 00828nam0 2200253 45 | |
| 001 | 0304071098 | |
| 005 | 20031219104108.8 | |
| 010 | @a7-5633-3208-1@dCNY39.80 | |
| 100 | @a20030407d2001 km y0chiy0120 ea | |
| 101 | 0 | @achi@ceng |
| 105 | @a z 000yy | |
| 200 | 1 | @a科学史及其与哲学和宗教的关系@AKe Xue Shi Ji Qi Yu Zhe Xue He Zong JiaoDe Guan Xi@f(英)W.C.丹皮尔著@F(Ying)W.C.Dan Pi Er Zhu@g李珩译 |
| 210 | @a桂林@c广西师范大学出版社@d2001 | |
| 215 | @a495页@d29cm | |
| 225 | @a世界名著译丛 | |
| 304 | @a书名原文:A History of Science And Relations With Philosophy And Religion | |
| 410 | @12001 @a世界名著译丛 | |
| 606 | 0 | @a科学@x关系@x哲学 |
| 606 | 0 | @a科学@x关系@x宗教 |
| 690 | @aN05@v4 | |
| 701 | 0 | @a丹皮尔@4著 |
| 702 | 0 | @a李珩@ALi Heng@4译 |
| 801 | @aCN@bTSTC@c20030407 | |
| 905 | @b322180-184@dN05@e107@f5 | |
| 科学史及其与哲学和宗教的关系/(英)W.C.丹皮尔著/李珩译.-桂林:广西师范大学出版社,2001 |
| 495页;29cm.-(世界名著译丛) |
| ISBN 7-5633-3208-1:CNY39.80 |
| ● |
| 相关链接 |
|
|
|
|
正题名:科学史及其与哲学和宗教的关系
索取号:N05/107
 
预约/预借
| 序号 | 登录号 | 条形码 | 馆藏地/架位号 | 状态 | 备注 |
| 1 | 0322180 | 203221806 | 第三借阅区/ [索取号:N05/107] | 在馆 | |
| 2 | 0322181 | 203221815 | 第三借阅区/ [索取号:N05/107] | 在馆 | |
| 3 | 0322182 | 203221824 | 第三借阅区/ [索取号:N05/107] | 在馆 | |
| 4 | 0322183 | 203221833 | 第三借阅区/ [索取号:N05/107] | 在馆 | |
| 5 | 0322184 | 203221842 | 第二样本阅览室/ [索取号:N05/107] | 在馆 | |
| 6 | 0353089 | 3530897 | 第三借阅区/ [索取号:N05/107] | 在馆 | |
| 7 | 0353090 | 3530904 | 第三借阅区/ [索取号:N05/107] | 在馆 | |
| 8 | 0353091 | 3530913 | 第三借阅区/ [索取号:N05/107] | 在馆 |